[Event "20th European Teams Women"]
[Site "Reykjavik ISL"]
[Date "2015.11.19"]
[Round "6.8"]
[Board "1"]
[White "Botsari, Anna-Maria"]
[Black "Peng, Zhaoqin"]
[Result "1-0"]
[WhiteTitle "WGM"]
[BlackTitle "GM"]
[WhiteElo "2324"]
[BlackElo "2383"]
[WhiteTeam "Greece"]
[BlackTeam "Netherlands"]
[WhiteFideId "4200446"]
[BlackFideId "1004786"]
[EventDate "2015.11.13"]

1. d4 Nf6 2. c4 e6 3. g3 Bb4+ 4. Bd2 Qe7 5. Bg2 Nc6 6. d5 Ne5 7. Qb3 a5 8. Nf3
Nxf3+ 9. Qxf3 c6 10. Nc3 h6 11. O-O O-O 12. e4 e5 13. a3 Bc5 14. Na4 Bd4 15. Bc3
d6 16. b4 axb4 17. axb4 b5 18. Bxd4 bxa4 19. Bb2 Qb7 20. Ba3 Bd7 21. Qd3 Rfd8
22. Rfe1 Rac8 23. Rac1 Qa7 24. h3 Ne8 25. c5 Rb8 26. Qe3 dxc5 27. Rxc5 Rbc8 28.
Rec1 Qb7 29. Qc3 cxd5 30. exd5 Qb8 31. Qe3 f6 32. Bf1 Qb7 33. Rxc8 Rxc8 34. Rxc8
Qxc8 35. Qc5 Kf7 36. b5 Qxc5 37. Bxc5 Bc8 38. b6 Bb7 39. Bc4 f5 40. d6+ 1-0

[Event "20th European Teams Women"]
[Site "Reykjavik ISL"]
[Date "2015.11.19"]
[Round "6.8"]
[Board "2"]
[White "Haast, Anne"]
[Black "Pavlidou, Ekaterini"]
[Result "1-0"]
[WhiteTitle "WGM"]
[BlackTitle "WIM"]
[WhiteElo "2365"]
[BlackElo "2235"]
[WhiteTeam "Netherlands"]
[BlackTeam "Greece"]
[WhiteFideId "1017292"]
[BlackFideId "4213262"]
[EventDate "2015.11.13"]

1. e4 e5 2. Nf3 Nc6 3. d4 exd4 4. Nxd4 Bc5 5. Be3 Qf6 6. c3 Nge7 7. Bc4 O-O 8.
O-O Bb6 9. Kh1 Qg6 10. Nd2 Nxd4 11. cxd4 Nc6 12. Nf3 d6 13. b4 Nxb4 14. Ng5 h6
15. f4 d5 16. f5 Qc6 17. Bb3 dxe4 18. Rc1 Qe8 19. Qh5 c6 20. Qg6 hxg5 21. f6 1-0

[Event "20th European Teams Women"]
[Site "Reykjavik ISL"]
[Date "2015.11.19"]
[Round "6.8"]
[Board "3"]
[White "Tsolakidou, Stavroula"]
[Black "De Jong-Muhren, Bianca"]
[Result "1-0"]
[WhiteTitle "WIM"]
[BlackTitle "WGM"]
[WhiteElo "2268"]
[BlackElo "2312"]
[WhiteTeam "Greece"]
[BlackTeam "Netherlands"]
[WhiteFideId "4264312"]
[BlackFideId "1008498"]
[EventDate "2015.11.13"]

1. e4 c5 2. Nf3 e6 3. d4 cxd4 4. Nxd4 Nc6 5. Nc3 Qc7 6. Be3 a6 7. Qf3 Nf6 8.
O-O-O Be7 9. Kb1 O-O 10. g4 d6 11. Nxc6 bxc6 12. e5 dxe5 13. g5 e4 14. Nxe4 Nxe4
15. Qxe4 Bb7 16. Bg2 Rad8 17. h4 Qa5 18. Bd4 Ba8 19. Bc3 Qf5 20. Qe2 Qb5 21. Qe5
Qxe5 22. Bxe5 f6 23. gxf6 gxf6 24. Bc7 Rxd1+ 25. Rxd1 Rc8 26. Rd7 Kf8 27. Bb6 c5
28. Bxa8 Rxa8 29. Kc1 Rb8 30. Ba5 Rb5 31. Bd8 Bxd8 32. Rxd8+ Kf7 33. Rd7+ Kg6
34. Rd6 Ra5 35. Kb1 Kf5 36. c4 Ra4 37. b3 Rb4 38. Rxa6 h5 39. Rc6 e5 40. Rxc5
Kg4 41. Rb5 1-0

[Event "20th European Teams Women"]
[Site "Reykjavik ISL"]
[Date "2015.11.19"]
[Round "6.8"]
[Board "4"]
[White "Kazarian, Anna-Maja"]
[Black "Markantonaki, Haritomeni"]
[Result "1/2-1/2"]
[WhiteTitle "WFM"]
[BlackTitle "WFM"]
[WhiteElo "2255"]
[BlackElo "2213"]
[WhiteTeam "Netherlands"]
[BlackTeam "Greece"]
[WhiteFideId "1033689"]
[BlackFideId "4207050"]
[EventDate "2015.11.13"]

1. e4 c5 2. Nf3 e6 3. d4 cxd4 4. Nxd4 Nc6 5. Nc3 Qc7 6. g3 a6 7. Bg2 d6 8. O-O
Bd7 9. Re1 Nxd4 10. Qxd4 Ne7 11. b3 Nc6 12. Qd2 Be7 13. Bb2 O-O 14. Rad1 Rfd8
15. Nd5 exd5 16. exd5 Bf8 17. dxc6 bxc6 18. Bc3 Re8 19. Ba5 Qa7 20. c4 Rac8 21.
Bb4 Bg4 22. Rxe8 Rxe8 23. Qd4 Qxd4 24. Rxd4 Bd7 25. f4 Re6 26. Rd1 g6 27. g4 Re2
28. Bf3 Rxa2 29. Bxd6 Be6 30. Bxf8 Kxf8 31. Bxc6 Bxg4 32. Re1 Rb2 33. Re8+ Kg7
34. Bd5 Rxb3 35. Re7 Bf3 36. Rxf7+ Kh6 37. Kf2 Bxd5 38. cxd5 Rd3 39. Rd7 a5 40.
Ke2 Rh3 41. Ra7 Rxh2+ 42. Ke3 g5 43. d6 gxf4+ 44. Kxf4 Rd2 45. d7 a4 46. Ke5 a3
47. Kf6 Rf2+ 48. Ke7 Re2+ 49. Kf6 Rf2+ 50. Ke5 Rd2 51. Ra6+ Kg7 52. Ke6 Re2+ 53.
Kd6 Rd2+ 54. Ke7 Re2+ 55. Re6 Rxe6+ 56. Kxe6 a2 57. d8=Q a1=Q 58. Qg5+ Kh8 59.
Qd8+ Kg7 60. Qg5+ 1/2-1/2

[Event "20th European Teams Women"]
[Site "Reykjavik ISL"]
[Date "2015.11.19"]
[Round "6.9"]
[Board "1"]
[White "Atalik, Ekaterina"]
[Black "Mueller-Seps, Monika"]
[Result "1/2-1/2"]
[WhiteTitle "IM"]
[BlackTitle "WGM"]
[WhiteElo "2385"]
[BlackElo "2272"]
[WhiteTeam "Turkey"]
[BlackTeam "Switzerland"]
[WhiteFideId "4130189"]
[BlackFideId "1308521"]
[EventDate "2015.11.13"]

1. d4 Nf6 2. c4 g6 3. Nc3 Bg7 4. e4 d6 5. h3 O-O 6. Nf3 Na6 7. Be3 Qe8 8. Be2 e5
9. d5 Nh5 10. g3 f5 11. exf5 gxf5 12. Nh4 Nf6 13. Qd2 Nc5 14. O-O-O Na4 15. Nb5
Qd8 16. Qc2 a6 17. Qxa4 Bd7 18. Qc2 axb5 19. Nxf5 Bxf5 20. Qxf5 Rxa2 21. cxb5
Qa8 22. Bc4 Ra4 23. Bb3 Rb4 24. Kc2 Rxb5 25. Ra1 Ra5 26. Rxa5 Qxa5 27. Qd3 Kh8
28. Rc1 c6 29. dxc6 d5 30. c7 Qxc7+ 31. Kb1 Qd7 32. Bb6 d4 33. f4 exf4 34. gxf4
Nd5 35. Bc2 Bf6 36. Bxd4 Bxd4 37. Qxd4+ Nf6 38. Qc3 Qg7 39. Rd1 Nh5 40. Qxg7+
Kxg7 41. Rd7+ Rf7 42. Rxf7+ Kxf7 43. Bxh7 Nxf4 44. Bf5 Kf6 45. Bc8 Nd3 46. b3
Nc5 47. b4 Na6 48. b5 Nc7 49. b6 Nd5 50. Bxb7 1/2-1/2

[Event "20th European Teams Women"]
[Site "Reykjavik ISL"]
[Date "2015.11.19"]
[Round "6.9"]
[Board "4"]
[White "Georgescu, Lena"]
[Black "Isgandarova, Khayala"]
[Result "0-1"]
[BlackTitle "WIM"]
[WhiteElo "2014"]
[BlackElo "2200"]
[WhiteTeam "Switzerland"]
[BlackTeam "Turkey"]
[WhiteFideId "1331973"]
[BlackFideId "13401823"]
[EventDate "2015.11.13"]

1. e4 c5 2. Nc3 Nc6 3. f4 g6 4. Nf3 Bg7 5. Bb5 Nd4 6. O-O e6 7. e5 a6 8. Bd3
Nxf3+ 9. Qxf3 d5 10. exd6 Qxd6 11. b3 Bd4+ 12. Kh1 Nf6 13. Bb2 Bd7 14. Be4 h5
15. Rae1 Rb8 16. Qd3 h4 17. Bf3 h3 18. g3 Rd8 19. f5 gxf5 20. Qxf5 Bc6 21. Na4
Rh5 22. Bxc6+ Qxc6+ 23. Qf3 Qxf3+ 24. Rxf3 Ng4 25. Bxd4 Rxd4 26. d3 b5 27. Nc3
c4 28. Re4 Rxe4 29. Nxe4 cxd3 30. cxd3 Rd5 31. Kg1 Ne5 32. Nf6+ Kd8 33. Re3 Rc5
34. d4 Rc1+ 35. Kf2 Nc6 36. d5 exd5 37. Nxd5 Rh1 38. Kf3 Rxh2 39. Nf4 f5 40.
Rd3+ Kc7 41. Ke3 Ne5 42. Rc3+ Kd6 43. Kd4 Rd2+ 44. Ke3 h2 45. Rc1 Rxa2 46. Ne2
Ng4+ 47. Kf3 Rb2 48. Rd1+ Ke5 0-1

[Event "20th European Teams Women"]
[Site "Reykjavik ISL"]
[Date "2015.11.19"]
[Round "6.10"]
[Board "1"]
[White "Zimina, Olga"]
[Black "Reizniece-Ozola, Dana"]
[Result "1-0"]
[WhiteTitle "IM"]
[BlackTitle "WGM"]
[WhiteElo "2364"]
[BlackElo "2209"]
[WhiteTeam "Italy"]
[BlackTeam "Latvia"]
[WhiteFideId "4132190"]
[BlackFideId "11601124"]
[EventDate "2015.11.13"]

1. Nf3 Nf6 2. c4 g6 3. Nc3 Bg7 4. e4 d6 5. d4 O-O 6. Be2 e5 7. Be3 Ng4 8. Bg5 f6
9. Bh4 Nd7 10. dxe5 dxe5 11. O-O Nh6 12. b4 a5 13. a3 axb4 14. axb4 Rxa1 15.
Qxa1 g5 16. Bg3 f5 17. exf5 e4 18. Nd2 e3 19. fxe3 Nxf5 20. Bf2 Qe7 21. Nd5 Qe6
22. Qa2 c6 23. Nc7 Qf7 24. g4 Nh6 25. Bg3 Qe7 26. c5+ Kh8 27. Qe6 Rxf1+ 28. Nxf1
Qxe6 29. Nxe6 Bc3 30. Nxg5 Bxb4 31. Ne4 Nxc5 32. Be5+ Kg8 33. Nf6+ Kf7 34. Ng3
Nd7 35. Bc4+ Ke7 36. Nxd7 Bxd7 37. h3 b5 38. Bd3 Nf7 39. Bg7 Bd2 40. Kf2 b4 41.
Ne4 Bc1 42. Bf6+ Ke8 43. Nc5 h6 44. Ke2 Bc8 45. Be4 Ng5 46. Bg2 Kf7 47. Be5 Be6
48. Nxe6 Kxe6 49. Bd4 Kd6 50. h4 Ne6 51. Bf6 c5 52. g5 hxg5 53. h5 Nf8 54. h6
Ke6 55. Bg7 Nh7 56. Be4 Nf6 57. h7 Nxh7 58. Bxh7 Kf7 59. Bh8 c4 60. Bf5 b3 61.
Bd4 Ba3 62. Bc3 Be7 63. Bd7 Bf6 64. Kd2 Ke7 65. Bb5 g4 66. Bxc4 b2 67. Bb4+ Kd7
68. Kc2 Kc6 69. Ba3 g3 70. Bf1 Kd5 71. Bg2+ Kc4 72. Bxb2 Be7 73. Be5 Bh4 74. Kd2
Kc5 75. Ke2 Kc4 76. Be4 Kc5 77. Kf3 Kc4 78. Bxg3 Bf6 79. Kf4 Kc5 80. Kf5 Bc3 81.
Ba8 Kb6 82. e4 Bb4 83. Bb8 1-0

[Event "20th European Teams Women"]
[Site "Reykjavik ISL"]
[Date "2015.11.19"]
[Round "6.10"]
[Board "2"]
[White "Rogule, Laura"]
[Black "Brunello, Marina"]
[Result "0-1"]
[WhiteTitle "WGM"]
[BlackTitle "FM"]
[WhiteElo "2277"]
[BlackElo "2292"]
[WhiteTeam "Latvia"]
[BlackTeam "Italy"]
[WhiteFideId "11601876"]
[BlackFideId "822590"]
[EventDate "2015.11.13"]

1. e4 c5 2. Nc3 d6 3. g3 g6 4. Bg2 Bg7 5. d3 Nc6 6. f4 e6 7. Nf3 Nge7 8. O-O O-O
9. Be3 Nd4 10. Bf2 Nec6 11. e5 dxe5 12. Nxe5 Nxe5 13. fxe5 Rb8 14. Ne4 b6 15. c3
Nf5 16. g4 Nh4 17. Bh1 Bxe5 18. Bg3 Bxg3 19. hxg3 f5 20. Nd2 h5 21. gxh4 hxg4
22. Qe2 Qxh4 23. Qe5 Bd7 24. Rae1 Rbd8 25. Re2 Bc8 26. Rh2 Qf6 27. Qg3 e5 28. c4
f4 29. Qe1 g3 30. Re2 Bh3 31. Rf3 Rde8 32. Ne4 Qh4 33. Rd2 Bg4 34. Rf1 Re7 35.
Nxg3 fxg3 36. Bd5+ Kg7 37. Qe4 Rxf1+ 38. Kxf1 Qh3+ 39. Ke1 Bf5 40. Qf3 Qh4 41.
Kf1 Bh3+ 42. Kg1 Qd4+ 43. Kh1 g2+ 44. Rxg2 Bxg2+ 45. Qxg2 Kf6 46. Qh3 Kg5 47.
Qg3+ Qg4 48. Qe3+ Qf4 49. Qh3 Qh4 0-1

[Event "20th European Teams Women"]
[Site "Reykjavik ISL"]
[Date "2015.11.19"]
[Round "6.10"]
[Board "3"]
[White "Movileanu, Daniela"]
[Black "Berzina, Ilze"]
[Result "1/2-1/2"]
[WhiteTitle "WFM"]
[BlackTitle "WGM"]
[WhiteElo "2192"]
[BlackElo "2207"]
[WhiteTeam "Italy"]
[BlackTeam "Latvia"]
[WhiteFideId "873349"]
[BlackFideId "11601345"]
[EventDate "2015.11.13"]

1. e4 c6 2. d4 d5 3. Nd2 dxe4 4. Nxe4 Nd7 5. Nf3 Ngf6 6. Ng3 e6 7. Bd3 c5 8. O-O
Qc7 9. c4 cxd4 10. Nxd4 a6 11. Qe2 Bc5 12. Nf3 O-O 13. a3 a5 14. b3 b6 15. Bb2
Bb7 16. Rad1 Rad8 17. Bc2 Rfe8 18. Kh1 Qc6 19. Nh4 e5 20. f3 g6 21. Ne4 Be7 22.
g3 Nh5 23. Ng2 Qe6 24. g4 Nhf6 25. Ne3 Nxe4 26. Bxe4 Bxe4 27. fxe4 Nc5 28. Nd5
Rd7 29. Qf3 Bd8 30. Rf2 Kg7 31. Rfd2 Bg5 32. Rf2 Rh8 33. Rg1 h5 34. gxh5 Rxh5
35. Rfg2 Rh3 36. Bxe5+ Kf8 37. Qg4 Qxg4 38. Rxg4 Be3 39. R1g3 Rxg3 40. Rxg3 Bh6
41. Rh3 Bg7 42. Bxg7+ Kxg7 43. Re3 Rd6 44. Kg2 Re6 45. Kf3 Nd7 46. Ke2 Nc5 47.
Kf3 Nd7 48. Kf4 Rc6 49. e5 a4 50. bxa4 Rxc4+ 51. Re4 Rc2 52. e6 fxe6 53. Rxe6
Nc5 54. Rxb6 Rc4+ 55. Kg3 Rxa4 56. Nf4 Rxa3+ 57. Kg4 Ra6 58. Rxa6 Nxa6 59. Kg5
Nc5 60. Nxg6 Ne4+ 1/2-1/2

[Event "20th European Teams Women"]
[Site "Reykjavik ISL"]
[Date "2015.11.19"]
[Round "6.11"]
[Board "1"]
[White "Ptacnikova, Lenka"]
[Black "Houska, Jovanka"]
[Result "0-1"]
[WhiteTitle "WGM"]
[BlackTitle "IM"]
[WhiteElo "2189"]
[BlackElo "2391"]
[WhiteTeam "Iceland"]
[BlackTeam "England"]
[WhiteFideId "305650"]
[BlackFideId "405094"]
[EventDate "2015.11.13"]

1. e4 c6 2. Nc3 d5 3. Nf3 Bg4 4. h3 Bh5 5. exd5 cxd5 6. g4 Bg6 7. Ne5 Nc6 8. d4
e6 9. Bb5 Rc8 10. h4 f6 11. Nxg6 hxg6 12. Bd3 Kf7 13. Ne2 Bd6 14. c3 Qc7 15. Be3
Nge7 16. Qd2 Na5 17. b3 a6 18. f4 Nac6 19. O-O-O b5 20. Kb1 Qb7 21. Rh3 b4 22.
c4 dxc4 23. Bxc4 Na5 24. d5 Nxc4 25. dxe6+ Kxe6 26. bxc4 Qe4+ 27. Qd3 Qxd3+ 28.
Rxd3 Rxc4 29. Nd4+ Kf7 30. h5 gxh5 31. gxh5 Rc5 32. Nb5 Rxb5 33. Rxd6 a5 34. Rd7
Rhxh5 35. Rf3 Ke6 36. Ra7 g6 37. Bd4 Nd5 38. Kc2 Kf5 39. Kd3 b3 40. axb3 Rxb3+
41. Ke2 Nxf4+ 42. Kf2 Rh2+ 0-1

[Event "20th European Teams Women"]
[Site "Reykjavik ISL"]
[Date "2015.11.19"]
[Round "6.11"]
[Board "2"]
[White "Ciuksyte, Dagne"]
[Black "Thorsteinsdottir, Gudlaug"]
[Result "1-0"]
[WhiteTitle "IM"]
[BlackTitle "WFM"]
[WhiteElo "2356"]
[BlackElo "2005"]
[WhiteTeam "England"]
[BlackTeam "Iceland"]
[WhiteFideId "12800619"]
[BlackFideId "2300753"]
[EventDate "2015.11.13"]

1. e4 e5 2. Bc4 Nf6 3. d3 d5 4. exd5 Nxd5 5. Nf3 Nc6 6. h3 Be7 7. O-O O-O 8. Re1
Bf6 9. Nbd2 Nb6 10. Bb3 a5 11. a3 Bf5 12. Ne4 Bxe4 13. Rxe4 Qd6 14. Bd2 Nd7 15.
Re1 Nc5 16. Ba2 Rfe8 17. b4 Ne6 18. b5 Ncd4 19. Nxd4 Nxd4 20. Bc4 Ne6 21. c3
Rad8 22. Qe2 g6 23. Be3 b6 24. Qa2 Re7 25. Rad1 c5 26. bxc6 Qxc6 27. Rb1 Nc5 28.
Red1 Rc7 29. Bb5 Qd5 30. Bc4 Qc6 31. Bb5 Qd5 32. Qb2 e4 33. d4 Ne6 34. Qd2 Qd6
35. a4 Be7 36. d5 Qe5 37. Bxb6 Rxc3 38. Bxd8 Nxd8 39. d6 Bg5 40. Qd4 Qxd4 41.
Rxd4 e3 42. Re4 f5 43. Re8+ Kf7 44. f4 Bf6 45. Kf1 g5 46. g3 gxf4 47. gxf4 e2+
48. Kxe2 Rxh3 49. Rc1 Ne6 50. Rc7+ 1-0

[Event "20th European Teams Women"]
[Site "Reykjavik ISL"]
[Date "2015.11.19"]
[Round "6.11"]
[Board "3"]
[White "Hauksdottir, Hrund"]
[Black "Sarakauskiene, Zivile"]
[Result "0-1"]
[BlackTitle "WIM"]
[WhiteElo "1775"]
[BlackElo "2145"]
[WhiteTeam "Iceland"]
[BlackTeam "England"]
[WhiteFideId "2302608"]
[BlackFideId "12800864"]
[EventDate "2015.11.13"]

1. e4 c5 2. Nf3 e6 3. d4 cxd4 4. Nxd4 a6 5. Bd3 Qc7 6. O-O Nf6 7. Qe2 d6 8. c4
Be7 9. Nc3 Nbd7 10. Be3 O-O 11. Rac1 Re8 12. b3 b6 13. Rfd1 Bb7 14. f3 Rac8 15.
Bb1 Qb8 16. Qf2 Bd8 17. Qg3 Kh8 18. Bg5 Be7 19. Qh4 Nf8 20. Qh3 Qc7 21. Kh1 Kg8
22. f4 g6 23. Bh6 Qc5 24. f5 exf5 25. exf5 Rc7 26. Be3 Qe5 27. Na4 d5 28. cxd5
Nxd5 29. Rxc7 Qxc7 30. Bh6 Bf6 31. Nf3 b5 32. Rc1 Qd6 33. Nc5 Bc8 34. Ng5 Qxc5
35. Nxh7 Qxc1+ 0-1

[Event "20th European Teams Women"]
[Site "Reykjavik ISL"]
[Date "2015.11.19"]
[Round "6.11"]
[Board "4"]
[White "Bhatia, Kanwal K"]
[Black "Magnusdottir, Veronika Steinunn"]
[Result "1-0"]
[WhiteTitle "WFM"]
[WhiteElo "2072"]
[BlackElo "1753"]
[WhiteTeam "England"]
[BlackTeam "Iceland"]
[WhiteFideId "407496"]
[BlackFideId "2309114"]
[EventDate "2015.11.13"]

1. e4 c5 2. c3 Nf6 3. e5 Nd5 4. d4 cxd4 5. Nf3 e6 6. cxd4 b6 7. Bd3 Ba6 8. O-O
Bxd3 9. Qxd3 d6 10. Nc3 Nxc3 11. bxc3 dxe5 12. Nxe5 Bd6 13. Nxf7 Kxf7 14. Qf3+
Qf6 15. Qxa8 Rd8 16. Qe4 Kg8 17. Re1 e5 18. d5 Nd7 19. Bd2 Nc5 20. Qe3 Rf8 21.
Re2 e4 22. Qg5 Qf7 23. Rf1 Nd3 24. Be3 h6 25. Qg4 Qxd5 26. Bd4 Ne5 27. Qxe4 Nf3+
28. gxf3 Bxh2+ 29. Kg2 Qd6 30. Qe6+ 1-0

[Event "20th European Teams Women"]
[Site "Reykjavik ISL"]
[Date "2015.11.19"]
[Round "6.12"]
[Board "1"]
[White "Daulyte, Deimante"]
[Black "Hoiberg, Nina"]
[Result "1-0"]
[WhiteTitle "IM"]
[BlackTitle "WIM"]
[WhiteElo "2369"]
[BlackElo "2200"]
[WhiteTeam "Lithuania"]
[BlackTeam "Denmark"]
[WhiteFideId "12802859"]
[BlackFideId "1400720"]
[EventDate "2015.11.13"]

1. e4 e5 2. Nf3 Nc6 3. Bb5 a6 4. Ba4 Nge7 5. Bb3 Ng6 6. d4 exd4 7. O-O Be7 8.
Nxd4 d6 9. Nxc6 bxc6 10. Nc3 O-O 11. f4 Bf6 12. Ne2 Qe7 13. Ng3 a5 14. c3 Bd7
15. Bd2 Rfb8 16. Qc2 c5 17. Bc4 Bb5 18. Bxb5 Rxb5 19. Rae1 Rab8 20. Bc1 Qd7 21.
Qd1 Bh4 22. Re3 Bxg3 23. Rxg3 f5 24. c4 Rb4 25. b3 Rf8 26. Qh5 Qf7 27. Rh3 h6
28. Rg3 Kh7 29. exf5 Ne7 30. Qd1 Nxf5 31. Rh3 Rbb8 32. Bb2 Rbe8 33. Qd3 Qg6 34.
Qd2 Re4 35. Qd3 Rfe8 36. Be5 Nd4 37. f5 Ne2+ 38. Qxe2 Rxe2 39. fxg6+ Kxg6 40.
Rg3+ Kh5 41. Bxg7 Re1 42. Bc3 1-0

[Event "20th European Teams Women"]
[Site "Reykjavik ISL"]
[Date "2015.11.19"]
[Round "6.12"]
[Board "2"]
[White "De Blecourt, Sandra"]
[Black "Zaksaite, Salomeja"]
[Result "0-1"]
[WhiteTitle "WFM"]
[BlackTitle "WIM"]
[WhiteElo "2141"]
[BlackElo "2196"]
[WhiteTeam "Denmark"]
[BlackTeam "Lithuania"]
[WhiteFideId "1004948"]
[BlackFideId "12801496"]
[EventDate "2015.11.13"]

1. d4 Nf6 2. c4 g6 3. Nc3 d5 4. cxd5 Nxd5 5. Bd2 Bg7 6. e4 Nb6 7. Be3 O-O 8. h3
e5 9. dxe5 Bxe5 10. Nf3 Bxc3+ 11. bxc3 Qxd1+ 12. Kxd1 Be6 13. Nd2 f5 14. exf5
Bxf5 15. g4 Be6 16. Kc2 Nd5 17. Bc5 Re8 18. Bg2 Nd7 19. Ba3 c6 20. Rhe1 Nf4 21.
Bf1 c5 22. Ne4 b6 23. Bb5 Bd5 24. f3 Bxe4+ 25. Rxe4 Rxe4 26. fxe4 Ne5 27. Bf1
Rd8 28. Rd1 Rxd1 29. Kxd1 g5 30. Kd2 Kf7 31. Bc1 Kf6 32. Ke3 Nc6 33. Bd2 Ke5 34.
Kf3 Ne7 35. h4 h6 36. h5 Ne6 37. Bc4 Ng8 38. Bd5 Nf6 39. Bb7 Nd8 40. Bc8 Nxe4
41. Be1 Nf7 42. Ba6 Nfd6 43. Be2 b5 44. a3 c4 45. Bd1 Nb7 46. Ke3 Nbc5 47. Bc2
a6 48. Bb1 Kd5 49. Bc2 a5 50. Bb1 Nf6 51. Bf5 Nd3 52. Bg3 Ne5 53. Bc8 Nexg4+ 54.
Kf3 Ne5+ 55. Bxe5 Kxe5 56. Ba6 Nxh5 57. Bxb5 Kd5 58. Kg4 Nf6+ 59. Kf5 Ne4 60.
Bd7 Nxc3 61. Kg6 Nb1 62. a4 c3 63. Bf5 Na3 64. Kxh6 g4 0-1

[Event "20th European Teams Women"]
[Site "Reykjavik ISL"]
[Date "2015.11.19"]
[Round "6.12"]
[Board "3"]
[White "Batyte, Daiva"]
[Black "Guindy, Esmat"]
[Result "1-0"]
[WhiteTitle "WFM"]
[BlackTitle "WFM"]
[WhiteElo "2147"]
[BlackElo "2057"]
[WhiteTeam "Lithuania"]
[BlackTeam "Denmark"]
[WhiteFideId "12801860"]
[BlackFideId "1401637"]
[EventDate "2015.11.13"]

1. c4 c5 2. Nc3 Nc6 3. g3 g6 4. Bg2 Bg7 5. Nf3 d6 6. O-O Bf5 7. Nh4 Bd7 8. a3
Qc8 9. Re1 Bh3 10. Bh1 Nf6 11. d3 Nd7 12. Bd2 h6 13. Rb1 g5 14. Ng2 a5 15. Nb5
Nd4 16. Bc3 O-O 17. Bxd4 Bxd4 18. Nxd4 cxd4 19. e3 dxe3 20. Nxe3 Kg7 21. Qb3 Rb8
22. Qc3+ e5 23. Qxa5 f5 24. Nd5 f4 25. Qc7 Qxc7 26. Nxc7 Nc5 27. Rbd1 Bg4 28. f3
Bf5 29. d4 Nd3 30. Rxd3 Bxd3 31. Ne6+ Kf6 32. Nxf8 Rxf8 33. dxe5+ dxe5 34. c5
Bc2 35. Re2 Bb3 36. Rd2 Rc8 37. Rd3 Bc4 38. Rc3 Ba6 39. Kf2 h5 40. Bg2 Rd8 41.
Ke1 Kf5 42. c6 bxc6 43. Rxc6 Bb5 44. Rb6 Bd3 45. gxf4 exf4 46. Rc6 Re8+ 47. Kd1
g4 48. Rc5+ Kg6 49. Rc3 Be2+ 50. Kd2 Kg5 51. b4 gxf3 52. Bxf3 Bxf3 53. Rxf3 Kg4
54. Rf1 f3 55. b5 Re2+ 56. Kc3 f2 57. b6 Kf3 58. a4 Re1 59. Rxf2+ Kxf2 60. a5
Ke3 61. b7 Rb1 62. a6 Rb6 63. Kc4 Ke4 64. a7 Rb1 65. a8=Q 1-0

[Event "20th European Teams Women"]
[Site "Reykjavik ISL"]
[Date "2015.11.19"]
[Round "6.12"]
[Board "4"]
[White "Vangsgaard, Freja"]
[Black "Zykiene, Rita"]
[Result "1-0"]
[WhiteElo "1980"]
[BlackElo "1913"]
[WhiteTeam "Denmark"]
[BlackTeam "Lithuania"]
[WhiteFideId "1436589"]
[BlackFideId "12801348"]
[EventDate "2015.11.13"]

1. d4 Nf6 2. c4 d6 3. Nc3 g6 4. e4 Bg7 5. f3 O-O 6. Be3 Nbd7 7. Nh3 e5 8. d5 a5
9. Nf2 Nc5 10. b3 Nh5 11. Be2 f5 12. O-O b6 13. a3 Nf4 14. Re1 fxe4 15. Nfxe4
Bf5 16. Bf1 Bxe4 17. Nxe4 Qh4 18. Qc2 Nxe4 19. fxe4 Qg4 20. g3 Nh3+ 21. Bxh3
Qxh3 22. Qg2 Qh5 23. Qe2 Rf3 24. Kg2 Raf8 25. b4 a4 26. Bf4 Rc3 27. Qxh5 gxh5
28. Bg5 Rc2+ 29. Kg1 Rxc4 30. Rac1 Rxc1 31. Bxc1 b5 32. Kg2 Rf7 33. Be3 h6 34.
Rc1 Kh7 35. Rc6 h4 36. Ra6 h3+ 37. Kxh3 Rf3 38. Bc1 Rc3 39. Rc6 Rc4 40. Rxc4
bxc4 41. Kg4 Kg6 42. h4 Bf8 43. h5+ Kf6 44. Kf3 Ke7 45. b5 Kd7 46. Ke2 Kc8 47.
Be3 Kb7 48. Kd2 Bg7 49. Kc3 Bf8 50. Kxc4 Kb8 51. Kb4 c5+ 52. bxc6 Kc7 53. Kxa4 1-0

[Event "20th European Teams Women"]
[Site "Reykjavik ISL"]
[Date "2015.11.19"]
[Round "6.13"]
[Board "1"]
[White "Unuk, Laura"]
[Black "Goossens, Hanne"]
[Result "1-0"]
[WhiteTitle "WIM"]
[BlackTitle "WFM"]
[WhiteElo "2297"]
[BlackElo "2184"]
[WhiteTeam "Slovenia"]
[BlackTeam "Belgium"]
[WhiteFideId "14609215"]
[BlackFideId "200468"]
[EventDate "2015.11.13"]

1. Nf3 f5 2. d4 Nf6 3. g3 g6 4. Bg2 Bg7 5. O-O O-O 6. b3 d6 7. Bb2 Ne4 8. Nbd2
Nc6 9. Ne1 Ng5 10. f4 Nf7 11. e3 e5 12. d5 Ne7 13. c4 c6 14. dxc6 bxc6 15. b4
Rb8 16. Nc2 Be6 17. Qe2 Qc7 18. Nb3 Rfe8 19. Rad1 Kh8 20. Qd3 Ng8 21. c5 d5 22.
Na5 Rec8 23. fxe5 Nxe5 24. Qc3 Qe7 25. Nd4 Bd7 26. a3 h6 27. Rde1 Kh7 28. Kh1
Rc7 29. Rf4 Re8 30. Qc2 Nf6 31. a4 Rb8 32. Ba3 Qe8 33. Bf1 Ne4 34. Bg2 Nf6 35.
Qa2 Nd3 36. Re2 Nxf4 37. exf4 Ne4 38. Nab3 Qh8 39. Qa1 Rcc8 40. Qg1 Qg8 41. Rc2
Qe8 42. Nf3 Bc3 43. Qc1 Bxb4 44. Bb2 Ba3 45. Bxa3 Rxb3 46. Nd4 Rb7 47. Bf1 Rcb8
48. Qe3 Rb1 49. Kg2 Ra1 50. Nf3 Rab1 51. Qd4 R1b3 52. Bb2 Qe7 53. Ba1 R3b4 54.
Qe5 Qxe5 55. Bxe5 Re8 56. a5 Ra4 57. a6 Bc8 58. Rb2 Bxa6 59. Bxa6 Rxa6 60. Rb7+
Kg8 61. Rg7+ Kf8 62. Rxg6 h5 63. Nd4 Ra2+ 64. Kh3 Nf2+ 65. Kh4 Ng4 66. Nxc6 Nxe5
67. Nxe5 Rc8 68. Kg5 Rc7 69. Kxf5 d4 70. c6 Ra6 71. Rd6 Ra4 72. Kf6 Ke8 73. f5
Rb4 74. Re6+ Kf8 75. Ng6+ Kg8 76. Re8+ Kh7 77. Rh8# 1-0

[Event "20th European Teams Women"]
[Site "Reykjavik ISL"]
[Date "2015.11.19"]
[Round "6.13"]
[Board "2"]
[White "Morozova, Iuliia"]
[Black "Srebrnic, Ana"]
[Result "1/2-1/2"]
[WhiteTitle "WFM"]
[BlackTitle "WGM"]
[WhiteElo "1995"]
[BlackElo "2238"]
[WhiteTeam "Belgium"]
[BlackTeam "Slovenia"]
[WhiteFideId "14104946"]
[BlackFideId "14603314"]
[EventDate "2015.11.13"]

1. d4 d6 2. e4 Nf6 3. Nd2 e5 4. c3 g6 5. Ngf3 Nbd7 6. Bd3 Bg7 7. O-O O-O 8. Re1
Re8 9. Nf1 c6 10. h3 Nh5 11. g4 Nf4 12. Bxf4 exf4 13. Qd2 g5 14. Qc2 h6 15. Re2
Nf8 16. Rae1 Bd7 17. e5 d5 18. Bf5 Be6 19. N1d2 Qd7 20. Nb3 b6 21. Nbd2 Rec8 22.
c4 Rc7 23. c5 b5 24. a3 a5 25. b3 Re8 26. Kg2 Qc8 27. h4 Bxf5 28. gxf5 g4 29.
Rg1 f6 30. e6 gxf3+ 31. Kxf3 h5 32. Kxf4 Kh8 33. Kf3 Bh6 34. Nf1 Rh7 35. Ng3 Bg7
36. Kg2 Qc7 37. Kf3 Re7 38. Ree1 Rh6 39. Qd3 Qb8 40. Qd2 Rh7 41. Qd3 Qe8 42. Kg2
Bh6 43. Qf3 Bg7 44. Kh3 Rh6 45. Re2 Rh7 46. Ree1 Rh6 47. Re2 Rh7 48. Ree1 Rh6 1/2-1/2